| 000 | 00538nam a2200157 i 4500 | ||
|---|---|---|---|
| 001 | 158549 | ||
| 003 | ES-MaACL | ||
| 005 | 20230906211207.0 | ||
| 008 | 040901s1892 po |||| | por d | ||
| 040 |
_aCAM _bspa _cCAM |
||
| 100 | 1 |
_aMalafaia, Augusto. _9129373 |
|
| 245 | 1 | 0 |
_aCançoes d'um emigrado _b: primeiros versos / _cAugusto Malafaia. |
| 260 |
_aPorto : _bImprensa Nacional, _c1892. |
||
| 300 |
_a38, [2] p. ; _c19 cm. |
||
| 852 |
_aES-MaACL _jT-650-F-5 _z-- Enc. hol., conservando la cub. original _z-- Enc. en un vol. facticio |
||
| 999 |
_c158549 _d158549 |
||